Family Guy Quiz - Statistics

General Stats
  • This quiz has been taken 80 times
  • The average score is 8 of 15
Answer Stats
Hint Answer % Correct
Person who Loretta Brown had an affair with Glenn Quagmire
82%
Peter is an illegal immigrant from this country Mexico
82%
Peters boss at the Happy-go-Lucky toy factory Mr. Weed
82%
Sesame Street character that was in rehab Cookie Monster
75%
Joe and Bonnie Swanson's son Kevin Swanson
68%
Meg's first vehicle Tank
61%
Singer that Brian performed with at the Quahog Cabana Club Frank Sinatra Jr
60%
He briefly dates Thelma Griffin and becomes Peters stepdad Tom Tucker
60%
Brian's girlfriend throughout season 5 Jillian Russell
58%
Drug that went around James Woods High in Season 2 Toad
54%
Name of Peter's home television network PTV
47%
Lois' mentally unstable brother Patrick Pewterschmidt
46%
Stewie's duet partner at the Quahog School of Performing Arts Olivia Fuller
35%
Band featured in the episode "Road to Europe" Kiss
21%
Hazing ritual that forces Chris to join the Peace Corps Freshman Hunt
11%
No matching quizzes found
Score Distribution
Percent of People with Each Score
Percentile by Number Answered
Your Score History
You have not taken this quiz